VALORANT Agents - Statistics

General Stats
  • This quiz has been taken 645 times
    260 since last reset
  • The average score is 19 of 24
Answer Stats
Hint Answer % Correct
Ghana Astra
95%
USA Brimstone
86%
Unknown Omen
84%
France Chamber
83%
Scotland Clove
83%
India Harbor
83%
South Korea Jett
82%
China Sage
81%
Brazil Raze
79%
Russia Sova
79%
Germany Killjoy
78%
Mexico Reyna
78%
Morocco Cypher
76%
Turkey Fade
76%
USA Viper
76%
China Iso
75%
England Phoenix
75%
Australia Skye
75%
Japan Yoru
73%
Philippines Neon
70%
Sweden Breach
69%
Unknown KAY/O
69%
Norway Deadlock
67%
USA Gekko
63%
No matching quizzes found
Score Distribution
Percent of People with Each Score
Percentile by Number Answered
Your Score History
You have not taken this quiz since the last reset